[Event "Catalunya-ch U20"]
[Site "Vila Seca"]
[Date "2010.04.01"]
[Round "2"]
[White "Moya Arau, Carles"]
[Black "Alquezar Calpena, Marc"]
[Result "1/2-1/2"]
[WhiteElo "1962"]
[BlackElo "1794"]
[PlyCount "45"]
[EventDate "2010.03.31"]
[EventType "swiss"]
[EventRounds "9"]
[EventCountry "ESP"]
[SourceTitle "CBM 135 Extra"]
[Source "ChessBase"]
[SourceDate "2010.05.04"]
[SourceVersion "1"]
[SourceVersionDate "2010.05.04"]
[SourceQuality "1"]

1. d4 Nf6 2. Nf3 g6 3. Bg5 Bg7 4. Nbd2 d6 5. e4 0-0 6. Bd3 Nbd7 7. 0-0 c5 8. c3 Re8 9. Qe2 a6 10. e5 dxe5 11. dxe5 Ng4 12. e6 Nde5 13. Nxe5 Nxe5 14. exf7+ Nxf7 15. Bc4 Bf5 16. g4 Bd3 17. Bxd3 Nxg5 18. Qe3 Kh8 19. Bxg6 Qxd2 20. Bxe8 Qxe3 21. fxe3 Rxe8 22. Rad1 Ne4 23. Rf4 1/2-1/2